Batman Villains in Film - Statistics

General Stats
  • This quiz has been taken 339 times
    189 since last reset
  • The average score is 14 of 25
Answer Stats
Appears in Villain % Correct
Batman: The Movie, Batman, The Dark Knight, Suicide Squad, Birds of Prey, Zack Snyder's Justice League, The Batman Joker
99%
Batman and Robin, The Dark Knight Rises Bane
92%
Batman: The Movie, Batman Returns, The Batman Penguin
91%
Batman: The Movie, Batman Forever, The Batman The Riddler
90%
Batman and Robin Mr. Freeze
86%
Batman and Robin Poison Ivy
84%
Batman Forever, The Dark Knight Two-Face
84%
Batman: The Movie, Batman Returns, The Dark Knight Rises, The Batman Catwoman
83%
Batman Begins, The Dark Knight, The Dark Knight Rises Scarecrow
83%
Suicide Squad, Birds of Prey, The Suicide Squad Harley Quinn
81%
Batman Begins, The Dark Knight Rises Ra's al Ghul
79%
Suicide Squad Deadshot
64%
The Dark Knight Rises Talia al Ghul
57%
Suicide Squad Killer Croc
54%
Batman Begins, The Batman Carmine Falcone
42%
Birds of Prey Black Mask
37%
Justice League, Zack Snyder's Justice League Deathstroke
33%
The Suicide Squad Calendar Man
31%
Batman Begins, Birds of Prey Zsasz
29%
Batman Forever, The Dark Knight Sal Maroni
22%
The Suicide Squad Polka-Dot Man
20%
The Suicide Squad Ratcatcher (2)
16%
Batman Begins, Batman v Superman Joe Chill
10%
Batman v Superman KGBeast
9%
The Flash Alberto Falcone
3%
No matching quizzes found
Score Distribution
Percent of People with Each Score
Percentile by Number Answered
Your Score History
You have not taken this quiz since the last reset